Представление документа в формате MARC21

ПолеНазваниеЗначение
  Тип записи a
  Библиографический уровень m
001 Контрольный номер RU\infra-m\znanium\bibl\2235363
005 Дата корректировки 20260429142210.7
008 Кодируемые данные 260120s2025 RU g rus u
020 Индекс ISBN __
a ISBN 978-5-00139-107-4
040 Источник каталогиз. __
a Служба первич. каталог. Общество с ограниченной ответственностью «ЗНАНИУМ»
041 Код языка издания __
a Код языка текста rus
044 Код страны публикации __
a Код страны публикации RU
080 Индекс УДК __
a Индекс УДК 53
084 Индекс другой классификации/Индекс ББК __
2 Источник индекса rubbk
a Индекс другой классификации/Индекс ББК 223
100 Автор __
a Автор Варламов А.
q Полное имя Варламов Андрей
245 Заглавие __
a Заглавие Физика повседневности: От мыльных пузырей до квантовых технологий
b Продолж. заглавия Научно-популярная литература
250 Сведения об издании __
a Основные сведения об издании 1
260 Выходные данные __
a Место издания Москва
b Издательство ООО "Альпина нон-фикшн"
c Дата издания 2026
300 Физическое описание __
a Объем 336 с.
520 Аннотация __
a Аннотация Почему при течении воды в реках возникают меандры? Как заставить бокал запеть? Можно ли построить переговорную трубку между Парижем и Марселем? Какие законы определяют форму капель и пузырьков? Что происходит при приготовлении жаркого? Можно ли попробовать спагетти альденте на вершине Эвереста? А выпить там хороший кофе? На все эти вопросы как и на многие другие читатель найдет ответы в этой книге. Каждая страница книги приглашает удивляться хотя в ней обсуждаются физические явления лежащие в основе нашей повседневной жизни. В ней не забыты и последние достижения физики: авторы посвящают читателя в тайны квантовой механики и сверхпроводимости рассказывают о физических основах магнитно-резонансной томографии и о квантовых технологиях. «Мыльные пузыри на плоской поверхности. Углы образованные стенками соединяющими между собой три пузырька составляют 120°. В плотной пене шесть разделяющих плоскостей между четырьмя соприкасающимися пузырьками обладают симметрией тетраэдра: они образуют углы в 1095°». От главы к главе читатель знакомится с неисчислимыми гранями физического мира. Отмеченные Нобелевскими премиями фундаментальные результаты следуют за описаниями казалось бы незначительных явлений природы на которых тем не менее и держится все величественное здание физики.
521 Примеч. о цел. назн. __
a Примеч. о целев. назн. Дополнительное профессиональное образование
650 Тематические рубрики __
a Основная рубрика Физико-математические науки
x Основная подрубрика Физика
655 Указ. предметных рубрик (устаревшее) __
a Жанр/ форма (устаревшее) Научно-популярная литература
700 Другие авторы __
a Другие авторы Виллен Ж.
q Полное имя Виллен Жак
700 Другие авторы __
a Другие авторы Ригамонти А.
q Полное имя Ригамонти Аттилио
856 Электронный адрес документа 4_
a Имя сервера/домена znanium.ru
m Помощь ebs_support@infra-m.ru
n Местонахождение сервера НИЦ ИНФРА-М
u URL https://znanium.ru/catalog/document?id=473632
856 Электронный адрес документа 48
a Имя сервера/домена znanium.ru
d Путь /cover/2235
f Электронное имя 2235363.jpg
q Тип электронного формата image/jpeg
u URL https://znanium.ru/cover/2235/2235363.jpg
911 __
u 0030=https://znanium.ru/catalog/document?id=473632